000 00746nam a2200217 a 4500
005 20210223125352.0
008 040507s2003 mx r 000 0 spa d
020 _a9685374066
035 _aUPN01000133345
049 _aCG
050 4 _aZ471
_bW6.4
100 1 _aWoll, Thomas
245 1 0 _aEditar para ganar :
_bestrategias de administración editorial /
_cThomas Woll ; tr. Gabriela Ubaldini.
260 _aMéxico :
_bFCE,
_c2003.
300 _axxvi, 356 p.
440 0 _aLibros sobre libros
534 _pTraducción de:
_tPublishin for profit : successful bottom-line strategies for book publishers
650 4 _aEDITORES Y PUBLICACIONES -
_zESTADOS UNIDOS
_917102
650 4 _aMERCADOTECNIA -
_xINVESTIGACION
_927326
905 _aLibro
999 _c105497
_d105497